00982nam a2200229Ia 4500003000900000008004100009020001800050040001600068080002200084111007200106245027900178260005300457300001500510490005500525650004100580650001700621650001800638650002000656700002600676700002400702700002600726IN-BaIIA211028s9999 xx 000 0 eng d a0-89766-180-X cIIA Library a524.5(082.2)bSYM aSymposium on the Orion Nebula to Honor Henry DrapercNew Yorkd1981 0aSymposium on the orion nebula to honor Henry Draperbsymposium on the Orion Nebula to Honor Henry Draper held by the Department of Physics of New York University, 1981cedited by A. E. Glassgold, P.J. Huggins and E. L. Schucking  aNew YorkbThe New York Academy of Sciencesc1982 axii, 338p. aAnnals of the New York academy of sciences; v. 395 aAstronomy and astrophysics thesaurus aDraper Henry aOrion nebulae aStars formation aGlassgold, A. E., ed. aHuggins, P. J., ed. aSchucking, E. L., ed.